000
00265nam a2200109Ia 4500
008
220204s9999 xx 000 0 und d
082
_a
802
_b
BEN
100
_a
Benham, R
245
0
_a
Everyday English idioms
260
_a
Bombay
_b
D B Taraporevala
_c
1975
942
_c
BK
999
_c
33084
_d
33084